MESTSKÁ KNIŽNICA GIRALTOVCE  - online katalóg 

Všeobecná psychológia pre 2. ročník pedagogických škôl (Record no. 20326)

000 -NÁVESTIE
fixed length control field 00371nam a2200121 a 4500
008 - ÚDAJE S PEVNOU DĹŽKOU – VŠEOBECNÉ INFORMÁCIE
fixed length control field 961123s1981||||xx 0 und c
040 ## - ZDROJ KATALOGIZÁCIE
Pôvodná katalogizujúca agentúra SNK
Jazyk katalogizácie slo
Prepisujúca agentúra SNK
Konvencie popisu AACR2
020 ## - MEDZINÁRODNÉ ŠTANDARDNÉ ČÍSLO KNIHY (ISBN)
Údaje o dostupnosti 0
100 1# - OSOBNÉ MENÁ – VŠEOBECNÉ INFORMÁCIE
Osobné meno Pardel, Tomáš
245 10 - NÁZOV
Názov Všeobecná psychológia pre 2. ročník pedagogických škôl
260 ## - VYDAVATEĽSKÉ ÚDAJE, DISTRIBÚCIA ATĎ.
Miesto publikovania, distribúcie atď. Bratislava
Názov vydavateľa, distibútora atď. Slovenské pedagogické nakladateľstvo
Dátum publikovania, distribúcie atď. 1981
300 ## - FYZICKÝ POPIS
Rozsah 227 s.
Holdings
Stav stiahnutia (Blokovanie) (Withrawn status) Stav straty Zdroj klasifikácie pre skladovanie Stav poškodenia (Damaged status) Nie pre výpožičky (Not for loan) Spôsob nadobudnutia (Collection code) Trvalé umiestnenie Aktuálne umiestnenie Dátum nadobudnutia Inventárne číslo (prírastkové číslo) Celkom výpožičky Full call number Čiarový kód Dátum posledného výskytu Dátum poslednej výpôžičky Cena s účinnosťou od Typ jednotky Koha
          Dar Mestská knižnica Giraltovce Mestská knižnica Giraltovce 2019-11-29 18758 1 S1249 S1249 2020-09-11 2020-05-20 2019-11-29 Odborná literatúra pre dospelých

Powered by Koha